| LEADER |
01172nam0a2200205 450 |
| 001 |
16822431 |
| 010 |
|
|
|a 978-2-09-255615-3
|d 16,9
|
| 100 |
|
|
|a 20150616d2015 u u0frey01 ba
|
| 101 |
0 |
|
|a fre
|
| 102 |
|
|
|a FR
|
| 200 |
0 |
|
|a Yannis
|
| 207 |
|
1 |
|a
|
| 210 |
|
|
|a Paris
|c Syros
|d 2015
|
| 225 |
1 |
|
|a U4
|
| 330 |
|
|
|a Yannis vit à Marseille. Ses parents et sa petite sur sont morts. Maintenant, il voit leurs fantômes un peu partout peut-être qu'il devient fou ? Quand il sort de chez lui, terrifié, son chien Happy à ses côtés, il découvre une ville prise d'assaut par les rats et les goélands, et par des jeunes prêts à tuer tous ceux qui ne font pas partie de leur bande. Yannis se cache, réussit à échapper aux patrouilles, à manger... Mais à peine a-t-il retrouvé son meilleur ami que ce dernier se fait tuer sous ses yeux. Il décide alors de fuir Marseille et de s'accrocher à son dernier espoir : un rendez-vous fixé à Paris...
|
| 461 |
|
0 |
|t U4
|
| 700 |
|
0 |
|a Hinckel
|b Florence
|f 1973-....
|4 70
|
| 900 |
|
|
|a Roman Jeunesse
|
| 901 |
|
|
|a Accessible au prêt
|
| 995 |
|
|
|a Bibliothèque
|c Bibliothèque
|f 024016353
|h 024016353
|k J U4
|o p
|q j
|r az
|e Bibliothèque
|